Responses for Show #4367 - Tuesday, September 9, 2003

Sam Ott game 3.

Contestants

[<< previous game]

Matt McWha, a consultant from Arlington, Virginia

Mary Laferriere, an administrative assistant from West Warwick, Rhode Island

Sam Ott, a graduate student from Los Angeles, California (whose 2-day cash winnings total $26,001)

[next game >>]

Jeopardy! Round responses

NAME GAME
THE OLD TESTAMENT
ROAD MOVIES
HEADLINE NEWS 1899
LOVE, HONOR OR OBEY
10-LETTER WORDS
    $200 6
(Sam: What is black?)
(Matt: What is white?)

Brown

SamMaryMatt
    $200 26
Jonah

Mary
    $200 1
A Nightmare on Elm Street

Sam
    $200 21
(Henry) Ford

Sam
    $200 11
love

Sam
    $200 16
(Sam: What is Revelations?)

Revelation

Sam
Triple Stumper
    $400 7
(Matt: What is the War of the Roses?)

the Boer War

Matt
Triple Stumper
    $400 27
Jerusalem

Sam
    $400 2
Sunset Boulevard

Mary
    $400 22
the America's Cup

Matt
    $400 12
obey

Sam
    $400 17
Neapolitan

Mary
    $600 8
Justin (Timberlake)

Sam
    $600 28
milk and honey

Sam
    $600 3
Wall Street

Mary
    $600 23
(Matt: Who is Bloomer?)

the Gibson Girl

Matt
Triple Stumper
    $600 13
honor (honour)

Sam
    $600 18
percussion

Sam
    $800 9
Calvin

Triple Stumper
    $800 29
blindness

Sam
    $800 4
Mulholland Drive

Sam
    $800 24
(Mary: Who is Jesse James?)
....
(Alex: Minute to go in the round.)

Butch Cassidy

Mary
Triple Stumper
    $800 14
(Matt: What is "All You Need is [*]?")

love

Matt
    $800 19
indictment

Sam
    $1000 10
(Mary: What is Liz?)
(Matt: What is Lizabeth?)

Lilibet

MaryMatt
Triple Stumper
    $1000 30
the Psalms

Sam
    $1000 5
Arlington Road

Matt
    $800 25
the Philippines

Matt
    $1000 15
honor guard

Matt
    $1000 20
immunology

Mary

Scores at the first commercial break (after clue 15):

Sam Mary Matt
$2,600 $200 $1,200

Scores at the end of the Jeopardy! Round:

Sam Mary Matt
$6,800 $1,000 $1,800

Double Jeopardy! Round responses

GAME NAME
SCIENCE & TECHNOLOGY
ISLANDS OF THE WEST INDIES
GRAPHICS
MOVED TO FRANCE
ALPHABETIC HOMOPHONES
    $400 13
Trivial Pursuit

Sam
    $400 18
a supernova

Mary
    $400 26
Cuba

Triple Stumper
    $400 6
(Sam: What is a courier?)

a typewriter

Sam
Triple Stumper
    $400 8
Gertrude Stein

Matt
    $400 1
to owe (o)

Sam
    $800 14
Scrabble

Sam
    $800 19
meteorites

Sam
    $800 27
Martinique or Guadeloupe

Mary
    $800 7
(Sam: What are fonts?)

colors

Sam
Triple Stumper
    $800 9
Samuel Beckett

Matt
    $800 2
Why (y)

Matt
    $1200 15
Dungeons and Dragons

Sam
    $1200 20
HIV/AIDS

Sam
    $1200 28
(Matt: What is St. John?)
(Mary: What is Port Charlotte?)

Charlotte Amalie

MaryMatt
Triple Stumper
    $1200 23
galleys

Matt
    $1,200 10
(Matt: Who is Moses?)

Mary Cassatt

Matt
    $1200 3
pea (p)

Matt
    $2,500 16
Mario

Sam
    $1600 21
(Robert) Goddard

Mary
    $1600 29
(Mary: What is Trinidad?)

Grenada or St. Vincent and the Grenadines

Mary
Triple Stumper
    $1600 24
pixels per inch

Matt
    $1600 11
Josephine Baker

Matt
    $1600 4
queue (q)

Sam
    $2000 17
Othello

Mary
    $2000 22
Heinrich Schliemann

Matt
    $2000 30
Haiti

Triple Stumper
    $2000 25
(Alex: With a minute to go now.)

justified

Mary
    $2000 12
Marc Chagall

Triple Stumper
    $2000 5
gee (g)

Triple Stumper

Scores at the end of the Double Jeopardy! Round:

Sam Mary Matt
$14,500 $5,000 $9,000

[wagering suggestions for these scores]

Final Jeopardy! Round responses

TV & STAMPS
(Alex: Strange-sounding category, isn't it? But maybe not!)
MaryWhat is The Price is Right
$4,999
MattWhat is The Price Is Right
$2,500
SamWhat is The Price Is Right?
$3,501
The Price Is Right

Final scores:

Sam Mary Matt
$18,001 $9,999 $11,500
3-day champion: $44,002 3rd place: $1,000 2nd place: $2,000

Game dynamics:

Coryat scores:

Sam Mary Matt
$13,600 $5,000 $10,400
21 R
(including 1 DD),
4 W
11 R,
4 W
13 R
(including 1 DD),
6 W
(including 1 DD)

Combined Coryat: $29,000

[game clues] [game scores] [suggest correction]

Game tape date: 2003-07-22
The J! Archive is created by fans, for fans. Scraping, republication, monetization, and malicious use prohibited; this site may use cookies and collect identifying information. See terms. The Jeopardy! game show and all elements thereof, including but not limited to copyright and trademark thereto, are the property of Jeopardy Productions, Inc. and are protected under law. This website is not affiliated with, sponsored by, or operated by Jeopardy Productions, Inc. Join the discussion at JBoard.tv.